Statistiken für PDC Darts Tour Card Holder 2024

Klicken Sie hier um das Quiz zu spielen!

Allgemein

  • Dieses Quiz wurde 552 mal gespielt
  • Das Durchschnittsergebnis liegt bei 77 aus 128

Antwortstatistiken

HintAntwort% Korrekt
1EnglandLuke Humphries
97%
2NiederlandeMichael van Gerwen
97%
3EnglandMichael Smith
95%
17EnglandRoss Smith
95%
22DeutschlandGabriel Clemens
94%
5WalesGerwyn Price
93%
23DeutschlandMartin Schindler
93%
4EnglandNathan Aspinall
93%
8SchottlandPeter Wright
93%
6EnglandRob Cross
92%
14BelgienDimitri van den Bergh
91%
11AustralienDamon Heta
90%
7NiederlandeDanny Noppert
90%
9WalesJonny Clayton
89%
25PortugalJose de Sousa
89%
31EnglandLuke Littler
89%
27SchottlandGary Anderson
87%
24PolenKrzysztof Ratajski
86%
29NiederlandeRaymond van Barneveld
86%
13NiederlandeDirk van Duijvenbode
85%
21NordirlandJosh Rock
85%
55ÖsterreichMensur Suljovic
85%
44AustralienSimon Whitlock
85%
28NordirlandBrendan Dolan
83%
26NordirlandDaryl Gurney
83%
10EnglandDave Chisnall
83%
60DeutschlandFlorian Hempel
83%
32BelgienKim Huybrechts
83%
36DeutschlandRicardo Pietreczko
83%
86BelgienRonny Huybrechts
83%
49ÖsterreichRowby-John Rodriguez
83%
16EnglandStephen Bunting
83%
33LettlandMadars Razma
82%
15EnglandChris Dobey
81%
12EnglandJoe Cullen
79%
30EnglandScott Williams
79%
126FrakreichThibault Tricole
79%
19EnglandJames Wade
78%
48KanadaMatt Campbell
76%
42IrlandWilliam O'Connor
76%
51KroatienBoris Krcmar
75%
18EnglandAndrew Gilding
74%
39BelgienMike de Decker
74%
61TschechienAdam Gawlas
70%
43NiederlandeGian van Veen
70%
125DeutschlandLukas Wenig
70%
79DeutschlandPascal Rupprecht
70%
20EnglandRyan Searle
70%
47NiederlandeJermaine Wattimena
68%
46EnglandRicky Evans
67%
93PhilippinenChristian Perez
66%
73DeutschlandDaniel Klose
66%
67EnglandLee Evans
66%
98IrlandSteve Lennon
66%
118PolenRadek Szaganski
65%
115SchwedenJeffrey de Graaf
64%
117USAJules van Dongen
64%
63EnglandMervyn King
64%
64EnglandIan White
63%
74TschechienKarel Sedlacek
63%
41IrlandKeane Barry
63%
45SchottlandAlan Soutar
62%
123DänemarkBenjamin Drue Reus
62%
34EnglandCallan Rydz
61%
52EnglandAdrian Lewis
60%
113NiederlandeJelle Klaasen
60%
116NeuseelandHaupai Puha
59%
38EnglandLuke Woodhouse
59%
65NiederlandeRichard Veenstra
59%
92FrankreichJacques Labre
58%
56NordirlandMickey Mansell
58%
128DeutschlandTim Wolters
57%
122DeutschlandPaul Krohne
56%
53NiederlandeVincent van der Voort
56%
94NiederlandeBerry van Peer
55%
54SchottlandCameron Menzies
54%
35EnglandMartin Lukeman
54%
50EnglandSteve Beaton
53%
127ItalienMichele Turetta
52%
107USADanny Lauby
51%
71NiederlandeJeffrey de Zwaan
50%
62NiederlandeKevin Doets
50%
124BelgienMario Vandenbogaerde
49%
40WalesJim Williams
48%
37EnglandRyan Joyce
48%
103SchottlandWilliam Borland
47%
66NiederlandeNiels Zonneveld
46%
114BelgienAndy Baetens
45%
68IrlandDylan Slevin
43%
69EnglandKeegan Brown
43%
58EnglandRitchie Edhouse
42%
96NiederlandeWessel Nijman
42%
90BelgienRobbie Knops
41%
101EnglandDom Taylor
40%
95EnglandOwen Bates
39%
97NordirlandNathan Rafferty
38%
85NiederlandeGeert Nentjes
37%
80EnglandGraham Usher
37%
78NiederlandeJeffrey Sparidaans
37%
70NiederlandeMaik Kuivenhoven
37%
120NiederlandePatrick Geeraets
37%
77WalesRobert Owen
37%
59EnglandRyan Meikle
37%
84EnglandAdam Smith-Neale
36%
76NiederlandeJurjen van der Velde
36%
87NiederlandeOwen Roelofs
36%
82EnglandGraham Hall
34%
57EnglandJamie Hughes
34%
112NiederlandeMartijn Dragt
34%
89NiederlandeDanny van Trijp
33%
100EnglandLeighton Bennett
33%
75EnglandArron Monk
31%
91WalesCallum Goffin
31%
119NiederlandeChris Landman
31%
106EnglandGeorge Killington
31%
121NiederlandeJitse van der Wal
31%
111EnglandAdam Hunt
29%
81EnglandJosh Payne
29%
88EnglandAdam Warner
28%
104EnglandJoshua Richardson
28%
83WalesNick Kenny
28%
72EnglandStephen Burton
28%
109EnglandBrett Claydon
27%
110SchottlandDarren Beveridge
27%
99EnglandRobert Grundy
26%
108WalesRhys Griffin
25%
102EnglandMatthew Dennant
23%
105EnglandJames Hurrell
22%

Verteilung der Resultate

Perzentil nach korrekt beantworteten Fragen

Anzahl Personen mit jedem Resultat

Ihre Resultats-Entwicklung

Sie haben dieses Quiz noch nicht gespielt